000 00352nam a2200157Ia 4500
003 Ost
005 20260225132547.0
008 260225s9999||||xx |||||||||||||| ||und||
040 _cfsic
041 _afre
082 _a440
100 _aRachid Boudjedra
_eAuteur
245 0 _aLe vaiqueur de coupe /
245 0 _cRachid Boudjedra
942 _cكتاب
999 _c33897
_d33897